00258nam a2200097Ia 4500008004100000041000800041082000800049100002300057245004100080260003900121221007s9999 xx 000 0 und d aeng bBBC aBBC Worldwide Ltd. aDays That Shook The World : Disc - 6 c2010bSaregama India Ltd.aKolkata